000
00287nam a2200109Ia 4500
008
220713s9999 xx 000 0 und d
020
_a
978 1 920069 18 6
082
_a
JR 305.80968 SOUT
100
_a
No author, editors only
245
4
_a
The South African Cultural Mosaic
942
_c
BK
_y
561
_z
John Tresidder
999
_c
692876
_d
692875